000 00979nam a2200241 i 4500
001 14338
003 ES-MaACL
005 20230906150757.0
007 t|
008 990222s1998 sp ||||1| spa d
020 _a84-88973-74-8
080 _a347.235.11(460)(094.92)
080 _a347.961(460)(094.92)
110 2 _aEspaña.
_bDirección General de los Registros y del Notariado.
_93751
245 1 0 _aResoluciones de la dirección general de los registros y del notariado
_b: 1970-1998 /
_cManuel Sena Fernández.
260 _a[Madrid] :
_bCentro de Estudios Registrales,
_c[1998]
300 _a1440 p. ;
_c23 cm.
650 1 4 _aDerecho notarial-
_zEspaña-
_vDictámenes.
_911746
650 1 4 _aDerecho inmobiliario registral-
_zEspaña-
_vDictámenes.
_911716
700 1 _aSena Fernández, Manuel.
_9105433
710 2 _aColegio de Registradores de la Propiedad y Mercantiles de España.
_bCentro de Estudios Registrales.
_9162314
852 _aES-MaACL
_jL-21661
_bR.127008
999 _c14338
_d14338